[Event "77th LOTTO POL-ch 2020"]
[Site "Warsaw"]
[Date "2020.07.21"]
[Round "1.6"]
[White "Krzyzanowski, Marcin"]
[Black "Krasenkow, Michal"]
[Result "0-1"]
[WhiteElo "2521"]
[BlackElo "2602"]
[Annotator "TA"]
[PlyCount "80"]
[EventDate "2020.07.21"]
[EventType "k.o."]
[EventCountry "POL"]
[SourceTitle "playchess.com"]
[Source "ChessBase"]
[SourceQuality "1"]

{[%evp 11,80,28,37,0,13,0,4,-13,-12,-34,-50,-68,-72,-69,-64,-64,-56,-68,-48,-65,-61,-111,-108,-108,-102,-91,-43,-59,-64,-62,-51,-199,-185,-183,-172,-167,-175,-214,-219,-221,-200,-222,-198,-218,-175,-225,-221,-228,-231,-229,-223,-222,-203,-213,-152,-259,-257,-285,-283,-300,-303,-290,-287,-305,-313,-307,-301,-293,-302,-290,-271]} 1. d4 d5 2. Nf3 c6 3. Bf4 Bf5 4. e3 Qb6 5. Qc1 e6 6. Be2 Nf6 7. h3 {D02: 1 d4 d5 2 Nf3 sidelines, including 2...Nf6 3 g3 and 2...Nf6 3 Bf4.} c5 8. O-O Nc6 {[%cal Rc5d4]} 9. dxc5 {The position is equal.} (9. c4 {keeps more tension.} cxd4 10. Nxd4 Nxd4 11. exd4 dxc4 12. Qxc4 Bd6 13. Bxd6 Qxd6 14. Qa4+) 9... Bxc5 10. c4 d4 {[#]} 11. exd4 $146 ({Predecessor:} 11. b3 Rd8 12. exd4 Nxd4 13. Nxd4 Bxd4 14. Be3 Bxe3 15. fxe3 O-O 16. Nc3 h6 17. Kh1 {0-1 (44) Blot,J (2253)-Rausis,I (2508) Montpellier 1999}) 11... Nxd4 12. Nxd4 Bxd4 13. Nc3 Ne4 $1 {[%cal Re4f2]} 14. Nd1 O-O 15. Be3 e5 16. Re1 Qa5 17. Rf1 Rac8 18. a3 Qa4 19. Bxd4 exd4 20. b4 $1 Qd7 $36 {[%mdl 2048] White is under pressure.} 21. Bd3 {[#] Loses the game.} (21. Qf4 $15) 21... Ng3 $1 $19 {[%mdl 576] Discovered Attack} 22. fxg3 Bxd3 23. Rf4 Bxc4 ({And not} 23... Rxc4 24. Qd2 $11) 24. Qd2 d3 25. Ne3 Be6 26. Kh2 Rfd8 27. Rd1 Qa4 28. Qb2 {intending Rd4.} Qb3 29. Qxb3 Bxb3 30. Rd2 Rc3 31. b5 g6 32. g4 Re8 33. Rf3 {[#]} (33. Nd1 $17 Bxd1 {[%mdl 64] Discovered Attack} 34. Rxd1) 33... Re5 $1 {Black has a decisive advantage.} 34. g5 Rxg5 35. Ng4 Rxb5 36. Nf6+ Kg7 37. Ne8+ Kf8 38. Nd6 Re5 39. Rdxd3 Rxd3 40. Rxd3 Bd5 {Accuracy: White = 74%, Black = 87%.} 0-1

[Event "77th LOTTO POL-ch 2020"]
[Site "Warsaw"]
[Date "2020.07.21"]
[Round "1.7"]
[White "Olszewski, Michal"]
[Black "Dziuba, Marcin"]
[Result "0-1"]
[WhiteElo "2551"]
[BlackElo "2585"]
[Annotator "TA"]
[PlyCount "52"]
[EventDate "2020.07.21"]
[EventType "k.o."]
[EventCountry "POL"]
[SourceTitle "playchess.com"]
[Source "ChessBase"]
[SourceQuality "1"]

{[%evp 9,52,-14,-18,-18,-10,-10,-11,-6,0,-14,16,-18,-33,-20,19,4,7,-47,-50,-71,-56,-70,-30,-12,-17,-12,-9,-127,-118,-100,-104,-175,-183,-493,-515,-523,-513,-681,-702,-624,-589,-823,-635,-1446,-1469]} 1. e4 c5 2. Ne2 Nc6 3. Nbc3 Nd4 4. d3 g6 5. Be3 Bg7 $1 6. Qd2 {B23: Closed Sicilian: Lines without g3.} d6 7. Nd1 e5 (7... d5 {keeps more tension.} 8. f4 Nxe2 9. Bxe2 d4 10. Bf2 e5) 8. c3 {The position is equal.} Nc6 {[#]} 9. d4 $146 ({Predecessor:} 9. g3 Nf6 10. h3 d5 11. Bxc5 dxe4 12. d4 Nd7 13. Ba3 Nb6 14. Ne3 Be6 15. Rd1 {0-1 (27) Vastrukhin,O (2294)-Golovin,L (2463) Voronezh 2008}) 9... Nf6 {[#] And now ...exd4 would win.} 10. f3 cxd4 11. cxd4 d5 12. dxe5 Nxe5 13. Bd4 ({White should try} 13. Nec3 $1 $11) 13... Nc6 $36 {[%mdl 2048] Black has good play.} 14. e5 Nd7 15. f4 Nxd4 16. Nxd4 O-O 17. Nc3 Nc5 18. b4 (18. Qe3 $11 {keeps the balance.}) 18... Ne4 $17 19. Nxe4 dxe4 20. Bc4 {[#]} (20. Nb5 $17) 20... Qb6 $1 $19 21. Nb5 $2 (21. Nc2) 21... Be6 {Black is clearly winning.} 22. Bxe6 fxe6 23. a4 Rad8 24. Qf2 e3 25. Qe2 {If White can now play Qc4 this consolidates a bit.} a6 26. Nc3 Rxf4 {Accuracy: White = 36%, Black = 78%.} 0-1

[Event "77th LOTTO POL-ch 2020"]
[Site "Warsaw"]
[Date "2020.07.21"]
[Round "1.8"]
[White "Gajewski, Grzegorz"]
[Black "Janik, Igor"]
[Result "1-0"]
[WhiteElo "2618"]
[BlackElo "2467"]
[Annotator "TA"]
[PlyCount "105"]
[EventDate "2020.07.21"]
[EventType "k.o."]
[EventCountry "POL"]
[SourceTitle "playchess.com"]
[Source "ChessBase"]
[SourceQuality "1"]

{[%evp 21,105,19,28,7,22,24,29,25,16,12,30,6,6,7,34,38,29,29,19,22,65,56,49,55,51,64,56,29,28,17,27,19,17,12,127,128,140,139,462,456,452,448,471,493,493,300,281,64,549,549,528,491,635,727,480,483,473,480,480,476,426,381,388,378,29965,29964,29969,29971,29971,29972,29967,29967,29975,29976,29976,29977,29977,29978,29978,29979,29979,29980,29980,29981,29979,29981]} 1. d4 d5 2. Nf3 Nf6 3. c4 dxc4 4. e3 e6 5. Bxc4 a6 6. O-O b5 7. Be2 Bb7 8. b3 Nbd7 9. Bb2 c5 10. a4 b4 11. Nbd2 Be7 12. Nc4 {D27: Queen's Gambit Accepted: Classical main line: 7 e4!? and 7 a4.} O-O 13. Nfe5 {13.Rc1 is the modern continuation.} cxd4 14. Bxd4 {White has an edge.} Nxe5 15. Bxe5 Nd5 {[#]} 16. Rc1 $146 ({Predecessor:} 16. Bf3 Rc8 17. Qd2 f6 18. Bb2 Bc5 {½-½ (18) El Debs,F (2544)-Bachmann,A (2633) Niteroi 2019}) 16... Bf6 17. Bxf6 gxf6 18. Bf3 $1 Rb8 19. Bxd5 Qxd5 {[%csl Gb7][%cal Rd5g2]} 20. Qg4+ Kh8 21. f3 $1 Rbd8 22. Qf4 Qg5 23. Qxg5 fxg5 24. Na5 Ba8 25. Rfd1 Kg7 26. Kf2 {next Rxd8 is good for White.} f5 27. Rc7+ Kg6 (27... Kf6 $1 $11 28. Rxd8 Rxd8) 28. Rxd8 $1 $16 {White stays focused until the end.} Rxd8 {[%mdl 4096] Endgame KRB-KRN} 29. Nc4 {And now Ne5+ would win.} Rd1 $2 {[%mdl 8192]} (29... Kf6 $16 {is tougher.}) 30. Ne5+ $18 Kh6 31. Rc8 $1 Bd5 32. Rg8 $1 Kh5 ({Inferior is} 32... Bxb3 33. Nf7+ Kh5 34. Rxg5+ Kh4 35. g3+ Kh3 36. Rh5#) 33. Kg3 Bxb3 {[#] White should prevent ...Rd5.} 34. h4 $1 {[%mdl 512] [#]} f4+ $1 {[%mdl 8704]} (34... gxh4+ 35. Kf4) 35. exf4 gxf4+ 36. Kxf4 {Kg3 would kill now.} Rd4+ {[#]} 37. Kg3 $1 Rxh4 38. Ng4 {White threatens Nf6+ and mate.} e5 39. Nf6+ Kh6 40. Kxh4 {[%cal Rf6g4]} Bxg8 41. Nxg8+ {KN-KP} Kg7 42. Ne7 Kf7 $2 (42... b3 $18 43. Nd5 Kf7) 43. Nc6 $1 {[%csl LRb4,LRe5] White mates.} b3 44. Nxe5+ {KN-K3P} Ke6 {[#]} 45. Nc4 $1 Kd5 46. Na3 b2 47. f4 Kc5 48. f5 Kb4 49. Nb1 Kb3 50. f6 Kc2 51. Na3+ Kb3 52. f7 Kxa3 53. f8=Q+ {Accuracy: White = 90%, Black = 69%.} 1-0

[Event "77th LOTTO POL-ch 2020"]
[Site "Warsaw"]
[Date "2020.07.27"]
[Round "4.1"]
[White "Piorun, Kacper"]
[Black "Sadzikowski, Daniel"]
[Result "1/2-1/2"]
[WhiteElo "2539"]
[BlackElo "2374"]
[Annotator "TA"]
[PlyCount "79"]
[EventDate "2020.07.21"]
[EventType "k.o."]
[EventCountry "POL"]
[SourceTitle "playchess.com"]
[Source "ChessBase"]
[SourceQuality "1"]

{[%evp 17,79,19,36,11,20,4,22,0,10,0,0,0,8,0,0,0,10,6,7,0,0,-10,-14,-14,-14,-26,3,0,16,-34,-15,-20,-8,-17,-21,-20,0,0,0,0,0,0,0,0,0,0,0,0,247,0,0,0,0,0,0,0,0,0,0,0,0,0,0,0]} 1. e4 e5 2. Nf3 Nc6 3. Bb5 a6 4. Ba4 Nf6 5. O-O Be7 6. Re1 b5 7. Bb3 d6 8. a4 Bd7 9. c3 O-O 10. d3 {C90: Closed Ruy Lopez with 7...d6: Early deviations.} h6 11. Nbd2 Re8 12. Nf1 Bf8 13. Ne3 Na5 14. Bc2 c5 15. h3 b4 16. Nd2 {[#]} bxc3 $146 ({Predecessor:} 16... Rb8 17. Ndc4 Nxc4 18. dxc4 bxc3 19. bxc3 a5 20. Rf1 Bc8 21. Bd2 Re7 22. Qf3 Reb7 {0-1 (68) Broadway,D (2280)-Gromotka,H (2367) ICCF email 2017}) 17. bxc3 Bc6 18. Qf3 d5 19. exd5 Nxd5 20. Nxd5 Qxd5 21. Ne4 Re6 22. Ba3 Rg6 23. Kh2 Qe6 24. g4 c4 25. Bxf8 Rxf8 {[%cal Ba8f8,Bf8f5,Bf5f3][%mdl 32]} 26. Qf5 Bxe4 27. Qxe4 f5 28. gxf5 Rxf5 29. Re2 $1 {Hoping for d4.} Rgf6 30. dxc4 {Strongly threatening Qa8+.} Rf3 31. Kg1 Qxh3 32. Rb1 {aiming for Qd5+.} Nb3 $2 {[#]} (32... g6 $11) 33. Rd1 $2 ({Worse is} 33. Bxb3 R6f4 $11) ({Not} 33. Qxe5 Qg4+ 34. Kf1 Qh3+ 35. Kg1 Qg4+ 36. Kf1 Qh3+ 37. Kg1 $11) (33. Rxb3 $2 {[#] gets mated.} Rg3+ $1 {[%mdl 512]} 34. fxg3 Rf1#) (33. Rd2 $1 $18 {[%cal Rd2d8] Threatens to win with Rd8+.} R6f5 34. Rd8+ Kf7 35. Qd5+ Kg6 36. Bxf5+ Rxf5 37. Qd3 Qxd3 38. Rxd3) 33... Nd4 $1 $11 {The position is equal.} 34. cxd4 R6f4 $1 {White must now prevent ...Qg4+.} 35. Qa8+ Kf7 {[%cal Rf4g4]} 36. Qd5+ Kf8 {[%cal Rf4g4]} 37. Qd6+ Kg8 {[%cal Rf4g4]} 38. Qd8+ Kf7 {[%cal Rf4g4]} 39. Qd5+ Kf8 {[%cal Rf4g4]} 40. Qd6+ {Accuracy: White = 88%, Black = 92%.} 1/2-1/2

[Event "77th LOTTO POL-ch 2020"]
[Site "Warsaw"]
[Date "2020.07.27"]
[Round "4.1"]
[White "Gajewski, Grzegorz"]
[Black "Heberla, Bartlomiej"]
[Result "1/2-1/2"]
[WhiteElo "2515"]
[BlackElo "2527"]
[Annotator "TA"]
[PlyCount "61"]
[EventDate "2020.07.21"]
[EventType "k.o."]
[EventCountry "POL"]
[SourceTitle "playchess.com"]
[Source "ChessBase"]
[SourceQuality "1"]

{[%evp 9,61,16,22,24,29,31,26,22,29,0,0,0,0,1,15,0,0,0,-14,0,26,-8,0,0,6,6,3,7,12,12,12,12,12,12,10,10,10,12,22,22,22,23,20,15,18,18,22,0,0,0,0,0,0,0]} 1. d4 g6 2. c4 Bg7 3. Nc3 e6 4. e4 Ne7 5. Nf3 d5 6. e5 {A40: Unusual replies to 1 d4.} c5 7. dxc5 O-O 8. Be2 {[#] White has an edge.} Nd7 $146 ({Predecessor:} 8... Nbc6 9. Bf4 Qa5 10. O-O dxc4 11. Ne4 Nd5 12. Qc1 c3 13. bxc3 Nxf4 14. Qxf4 Qc7 {0-1 (60) Wang,H (2707)-Maghsoodloo,P (2615) Sharjah 2018}) 9. Bf4 (9. Bg5 $5 {[%cal Rc4d5]} Nxe5 10. cxd5 exd5 11. O-O $11) 9... Nxc5 10. O-O {Threatening Bg5.} dxc4 11. Bxc4 a6 12. Qxd8 Rxd8 13. Rfd1 Rxd1+ 14. Rxd1 {[#] aiming for Rd8+.} Nc6 15. Bd3 Bd7 16. Ne4 Nxe4 17. Bxe4 Be8 18. h4 Rd8 19. Rc1 h6 20. a3 Nd4 21. Nxd4 Rxd4 22. f3 Bc6 $1 {[%cal Rc6e4]} 23. Be3 Bxe5 24. Bxd4 Bxd4+ $11 {[%mdl 4096] Endgame KRB-KB} 25. Kh1 Bxb2 26. Rb1 {The position is equal.} Bxa3 27. Bxc6 bxc6 28. Rb6 a5 29. Rxc6 Be7 30. Ra6 Bxh4 31. Rxa5 {Not much happened in this game. Accuracy: White = 90%, Black = 100%.} 1/2-1/2

[Event "77th LOTTO POL-ch 2020"]
[Site "Warsaw"]
[Date "2020.07.28"]
[Round "4.2"]
[White "Sadzikowski, Daniel"]
[Black "Piorun, Kacper"]
[Result "1/2-1/2"]
[WhiteElo "2374"]
[BlackElo "2539"]
[Annotator "TA"]
[PlyCount "75"]
[EventDate "2020.07.21"]
[EventType "k.o."]
[EventCountry "POL"]
[SourceTitle "playchess.com"]
[Source "ChessBase"]
[SourceQuality "1"]

{[%evp 23,75,28,20,10,31,0,8,7,7,0,0,0,0,0,0,0,0,0,0,0,0,0,0,0,0,0,0,0,0,0,0,0,0,0,0,0,0,0,0,-31,0,0,0,0,0,0,0,0,0,0,0,0,0,0]} 1. d4 Nf6 2. c4 e6 3. g3 d5 4. Bg2 dxc4 5. Nf3 c5 6. O-O Nc6 7. dxc5 Qxd1 8. Rxd1 Bxc5 9. Nbd2 c3 10. bxc3 O-O 11. Nb3 Be7 12. c4 Bd7 13. Bb2 {E04: Open Catalan: 5 Nf3.} Rfd8 14. Ne5 Nxe5 15. Bxe5 Rac8 {[#]} 16. Rab1 $146 ({Predecessor:} 16. Na5 b6 17. Nb7 Re8 18. Nd6 Bxd6 19. Rxd6 Ba4 20. Rc1 Bb5 21. Rd4 Bc6 22. f3 {1-0 (68) Stefanova,A (2455)-Ushenina,A (2444) Hengshui 2019}) 16... Bc6 17. Rxd8+ Bxd8 18. Bxc6 Rxc6 19. Nd4 Rb6 $1 {[%cal Rb6b1]} 20. Rxb6 Bxb6 21. Bxf6 gxf6 $11 {[%mdl 4096] Endgame KB-KN} 22. Nb3 f5 23. e3 Kf8 24. Kf1 Ke7 25. Ke2 Kd6 26. Kd3 Kc6 27. Kc3 Bd8 28. a4 a6 29. Nd4+ Kc5 30. Nb3+ Kc6 31. Nc1 b5 32. axb5+ {The position is equal.} axb5 33. cxb5+ Kxb5 34. Kd3 Kc5 35. e4 fxe4+ 36. Kxe4 Kd6 37. Kf4 f5 38. g4 {A rather calm draw. Accuracy: White = 91%, Black = 95%.} 1/2-1/2

[Event "77th LOTTO POL-ch 2020"]
[Site "Warsaw"]
[Date "2020.07.28"]
[Round "4.3"]
[White "Heberla, Bartlomiej"]
[Black "Gajewski, Grzegorz"]
[Result "0-1"]
[WhiteElo "2527"]
[BlackElo "2515"]
[Annotator "TA"]
[PlyCount "170"]
[EventDate "2020.07.21"]
[EventType "k.o."]
[EventCountry "POL"]
[SourceTitle "playchess.com"]
[Source "ChessBase"]
[SourceQuality "1"]

{[%evp 15,170,18,23,20,23,14,13,6,11,13,5,0,16,0,0,0,0,-5,0,0,0,-2,-13,-33,-35,-36,-28,-60,-61,-52,-72,-68,-52,-80,-63,-71,-71,-71,-61,-59,-71,-71,-83,-79,-78,-79,-82,-88,-88,-106,-108,-150,-146,-168,-80,-97,-83,-107,-113,-114,-110,-116,-123,-133,-142,-140,-141,-159,-151,-145,-94,-99,-84,-85,-88,-130,-137,-177,-168,-174,-183,-185,-176,-187,-179,-190,-182,-179,-174,-165,-187,-177,-131,-112,-118,-164,-164,-164,-172,-587,-572,-587,-587,-562,-508,-628,-603,-620,-584,-622,-622,-617,-612,-599,-606,-606,-605,-581,-572,-3148,-2648,-2918,-2608,-2886,-2836,-2571,-2475,-2645,-2589,-2478,-2402,-2226,-2083,-2394,-2472,-2210,-1325,-29967,-29970,-29968,-29970,-29970,-29970,-29977,-29977,-29980,-29981,-29981,-29982,-29982,-29983,-29982,-29981,-29981,-29981,-29981,-29981]} 1. d4 Nf6 2. c4 e6 3. Nf3 d5 4. Nc3 Bb4 5. Bg5 dxc4 6. e4 h6 7. Bxf6 Qxf6 8. Bxc4 c5 9. e5 {D39: Queen's Gambit Declined: Ragozin Defence with 5 Bg5 dxc4.} Qd8 10. O-O {10.d5 is vanishing.} cxd4 11. Ne4 {The position is equal.} O-O 12. Qe2 Be7 13. Rfd1 Qa5 14. Ng3 ({Of course not} 14. Rxd4 Nc6 $15) 14... Rd8 15. Qe4 Nd7 $1 16. Nh5 Nf8 17. Qg4 {[%csl Gh5][%cal Rg4g7]} g6 18. Bd3 Bd7 19. Nf6+ (19. b4 $5 Qxb4 20. Rab1 $17) 19... Bxf6 20. exf6 Bc6 {[#]} 21. Nxd4 $146 ({Predecessor:} 21. Qh4 Qh5 22. Qxh5 gxh5 23. Ne5 Nd7 24. Nxd7 Rxd7 25. f4 e5 26. Bf5 Rd5 27. Be4 {½-½ (40) L'Ami,E (2630)-Wojtaszek,R (2750) Baden-Baden 2018}) 21... Qe5 22. Nxc6 bxc6 23. Qe2 Qxf6 24. Be4 Qe5 25. Qc2 Rxd1+ 26. Rxd1 Rb8 27. b3 c5 28. Bf3 {[#]} Rd8 $1 {[%mdl 512]} 29. Rc1 (29. Rxd8 Qe1#) 29... Rd6 30. g3 Nd7 31. Be2 Rd4 32. Bf1 Qd5 33. Bg2 Qd6 $1 34. Qc3 e5 (34... Rd3 $1 $19 {[%cal Rd3c3]} 35. Qa5 Rd2) 35. Bh3 Rd1+ 36. Rxd1 Qxd1+ 37. Kg2 Qd5+ $1 38. Kg1 Nf6 $1 39. Bg2 Qd1+ 40. Bf1 Qd4 41. Qf3 Kg7 42. Bc4 Qe4 (42... e4 $142 43. Qf4 Nd5 44. Bxd5 Qd1+ 45. Kg2 Qxd5) 43. Qc3 $17 Qb1+ 44. Kg2 Qf5 {Hoping for ...Qxf2+!} ({Much worse is} 44... Qxa2 $6 45. Qxe5 Qc2 46. Qxc5 $11) 45. Bd3 Qd7 46. Kg1 Qd4 $36 {[%mdl 2048] Black has strong initiative.} 47. Qc2 e4 48. Be2 Nd5 49. Bc4 Nb4 50. Qe2 Nd3 51. Kg2 h5 52. Qd2 {[#]} Ne5 $1 53. Qc1 Ng4 54. Qf4 Qf6 55. h3 Qxf4 56. gxf4 $19 {[%mdl 4096] Endgame KB-KN} Nf6 57. Kf1 $2 (57. Kg3 {is tougher.}) 57... h4 58. Ke2 Nh5 59. Ke3 {[#]} f5 $1 60. Bd5 Kf6 61. f3 exf3 62. Bxf3 Ng7 63. Bd5 Ne6 64. Bg2 g5 65. fxg5+ Nxg5 66. Kd3 f4 67. Kc4 f3 68. Bf1 Ne4 69. Kd5 Ng3 70. Bc4 f2 71. Kxc5 Ke5 72. b4 Ke4 73. Bd5+ Ke3 74. Bg2 Ke2 75. Kd4 Nf1 76. b5 Ne3 {Black mates.} 77. Be4 Ke1 78. Bd3 {[#]} Nc2+ $1 {[%mdl 512]} 79. Kc3 {[#]} (79. Bxc2 f1=Q) 79... Na3 $1 80. Kb4 Kd2 81. Bf1 Nc2+ 82. Kb3 Ne3 83. b6 axb6 84. Bb5 Ke1 85. Kc3 Nf5 {Accuracy: White = 78%, Black = 90%.} 0-1

[Event "77th LOTTO POL-ch 2020"]
[Site "Warsaw"]
[Date "2020.07.28"]
[Round "4.4"]
[White "Sadzikowski, Daniel"]
[Black "Piorun, Kacper"]
[Result "1/2-1/2"]
[WhiteElo "2374"]
[BlackElo "2539"]
[Annotator "TA"]
[PlyCount "115"]
[EventDate "2020.07.21"]
[EventType "k.o."]
[EventCountry "POL"]
[SourceTitle "playchess.com"]
[Source "ChessBase"]
[SourceQuality "1"]

{[%evp 11,115,28,51,30,39,19,49,53,52,50,52,52,57,55,60,37,43,51,51,43,64,59,125,0,0,0,10,-100,0,-166,-25,-36,29,0,45,45,51,51,52,40,64,64,125,64,100,47,72,64,64,37,64,62,70,62,62,62,62,62,62,62,62,41,62,48,48,48,48,48,57,57,57,64,82,82,82,14,82,82,82,82,82,82,84,0,0,0,0,0,84,0,0,0,0,0,0,0,0,0,0,0,0,0,0,0,0,0]} 1. d4 Nf6 2. c4 g6 3. Nc3 Bg7 4. e4 d6 5. h3 O-O 6. Be3 c6 7. g4 {E71: King's Indian: 4 e4 d6 5 h3.} e5 8. d5 Na6 9. Nge2 {White is slightly better.} cxd5 10. cxd5 Bd7 11. Ng3 {[#]} Nc7 $146 ({Predecessor:} 11... b5 12. Bxb5 Bxb5 13. Nxb5 Qa5+ 14. Nc3 Qb4 15. Qd2 Nc5 16. O-O Rab8 17. b3 a5 {1-0 (68) Fernandes,A (2408)-Carneiro,C (2215) Lisbon 2008}) 12. Qd2 b5 13. f3 b4 14. Nce2 a5 15. h4 Na6 16. h5 Rc8 (16... Qe7 $14) 17. Bh6 ({Better is} 17. Nc1 $16 Nc5 18. g5) 17... Bxh6 $11 18. Qxh6 {Threatens to win with g5.} Qe7 19. Bh3 (19. Nc1 $11 Nc5 20. Nd3) 19... Kh8 (19... Rc2 $17) 20. Kd2 $2 (20. Qd2 $11 {and White is okay.}) 20... Ng8 (20... Nc5 $1 $19 {White must now prevent ...g5!} 21. Qe3 (21. g5 $2 Ng8 $19) 21... Bb5) 21. Qe3 g5 ({Black should play} 21... Ba4 $15 22. b3 Bb5) 22. Nc1 h6 23. Bf1 $1 {[%cal Rf1a6]} Nc5 24. Nd3 Nf6 25. Nxc5 dxc5 26. Bc4 Qd6 {[#]} (26... a4 $14) 27. Ke2 ({White should try} 27. a4 $1 $16) 27... Ne8 28. Kf2 (28. a4 $16) 28... Qb6 29. Rac1 Nd6 30. Rhd1 a4 31. Kg2 Rc7 32. Qd3 Ra8 33. Nf1 Kg7 34. Ne3 Kf8 35. Qd2 f6 36. Be2 Ke7 37. a3 Rb8 38. Rc2 Rcc8 39. Rdc1 bxa3 40. bxa3 Qa7 41. Bc4 Bb5 42. Ba2 Bd7 43. Rc3 (43. Nc4 $16) 43... Rb5 (43... Kf8 $11 {remains equal.}) 44. Nc4 $16 Nxc4 45. Bxc4 Rb6 46. R3c2 Kd6 47. Rb2 (47. Qf2 $16) 47... Rxb2 $11 48. Qxb2 {Strongly threatening Rb1.} Rb8 $1 {[%cal Rb8b2]} 49. Qc3 Qb6 {[#]} (49... Bb5 $11 {keeps the balance.}) 50. Kf2 (50. Rc2 $1 $16) 50... Qb2+ {The position is equal.} 51. Qxb2 Rxb2+ {[%mdl 4096] Endgame KRB-KRB} 52. Ke3 Bb5 53. Bxb5 Rxb5 54. Kd3 Rb3+ 55. Rc3 {Hoping for Rxb3.} Rb2 56. Rc2 Rb3+ 57. Rc3 {And now Rxb3 would win.} Rb2 58. Rc2 {Accuracy: White = 76%, Black = 71%.} 1/2-1/2

[Event "77th LOTTO POL-ch 2020"]
[Site "Warsaw"]
[Date "2020.07.28"]
[Round "4.5"]
[White "Piorun, Kacper"]
[Black "Sadzikowski, Daniel"]
[Result "1-0"]
[WhiteElo "2539"]
[BlackElo "2374"]
[Annotator "TA"]
[PlyCount "199"]
[EventDate "2020.07.21"]
[EventType "k.o."]
[EventCountry "POL"]
[SourceTitle "playchess.com"]
[Source "ChessBase"]
[SourceQuality "1"]

{[%evp 13,199,13,22,0,5,0,16,15,7,13,20,0,0,0,8,-14,0,-12,0,-11,0,0,21,0,29,-26,-6,-85,-64,-81,-22,-10,-19,-25,-18,-31,-15,-22,8,-65,-41,-36,-18,-22,-25,-25,-21,-20,-26,-16,-20,-17,-23,-25,0,-5,0,-43,-43,-47,-47,-51,-48,-52,0,0,0,-33,-33,-33,-33,-33,-33,-33,-27,-33,-21,-26,-21,-26,-21,-26,-21,-57,0,-26,-21,-28,-21,-28,-10,-33,-33,-33,0,-6,-6,-33,-33,-33,-33,-33,-17,-33,-33,-33,-33,-33,-33,-33,-33,-33,-33,-33,-33,-33,-33,-33,-33,-33,-33,-33,0,-33,-33,-33,-33,-33,-33,-33,-33,-33,-33,-33,-33,-33,-33,-33,-33,-33,-33,-33,-33,-33,-33,-33,-33,-33,-33,-33,-33,-33,-33,-33,-33,-33,-33,-33,-33,-33,-33,-33,-33,-33,-34,-41,0,0,0,0,0,0,0,0,0,0,0,0,0,0,0,0,0,0,0,0,0,0]} 1. e4 e5 2. Nf3 Nc6 3. Bb5 a6 4. Ba4 Nf6 5. O-O Be7 6. d3 b5 7. Bb3 d6 8. Bd2 {8.a3 is the modern continuation. C84: Closed Ruy Lopez: Unusual White 6th moves.} Bg4 9. c3 O-O 10. Re1 Na5 11. Bc2 c5 12. Bc1 Nc6 13. h3 Be6 {[#]} 14. a4 $146 ({Predecessor:} 14. d4 cxd4 15. cxd4 Nxd4 16. Nxd4 exd4 17. Qxd4 Rc8 18. Bb3 d5 19. e5 Ne4 20. Be3 {0-1 (47) Ronka,E (2281)-Sebenik,M (2498) chess.com INT 2020}) 14... h6 15. Nbd2 Re8 16. Nf1 Bf8 17. Ne3 Qd7 18. Nh2 d5 19. exd5 (19. Nhg4 $142 $1 Nxg4 20. exd5 Nxe3 21. dxe6 Rxe6 22. fxe3 (22. Bxe3 b4 $14)) 19... Nxd5 $11 20. Neg4 (20. Nxd5 $11 Qxd5 21. Qh5) 20... b4 $17 21. Bd2 Qc7 (21... f6 $17) 22. Nf3 $11 {[%cal Rg4e5]} bxc3 23. bxc3 {[%cal Rg4e5]} Bf5 24. Nh4 Bh7 25. Qf3 Nf4 (25... Rad8 {with more complications.} 26. Bb3 Nf4 27. Bxf7+ Kxf7 28. Bxf4 exf4 29. Nxh6+ gxh6 30. Qh5+ Kg7) 26. Nxe5 (26. g3 $11 Nxh3+ 27. Kg2) 26... Nxh3+ (26... Nxg2 {is more complex.} 27. Qxg2 Nxe5 28. Bf4 Rad8 29. Rac1 Qe7) 27. Qxh3 {aiming for Nc4.} Rxe5 28. Rxe5 Qxe5 29. d4 cxd4 30. Bxh7+ Kxh7 31. Qd3+ Kg8 32. Nf3 Qd5 33. cxd4 a5 34. Rc1 Rd8 {[%cal Rc6d4]} 35. Qb5 Nxd4 36. Nxd4 Qxd4 37. Bxa5 Rd5 38. Bb6 Rxb5 ({Better is} 38... Qe4 $1 $15 39. Qb3 {[#]} Rg5 $1 {[%mdl 512]}) 39. Bxd4 $15 {[%mdl 4096] Endgame KRB-KRB} Rb4 $1 {[%csl LRa4,LRd4][%mdl 64] [#] Double Attack} 40. Bc5 (40. Be3 {feels hotter.} Rxa4 41. Rc8 Ra1+ 42. Kh2 Ra5 43. Bd2) 40... Bxc5 41. Rxc5 Rxa4 {KR-KR} 42. g3 Kh7 43. Kg2 Kg6 44. f4 Ra3 45. Rb5 Rc3 46. Ra5 Rb3 47. Rc5 Rd3 48. Ra5 Rb3 49. Rc5 Kf6 50. Ra5 Rd3 51. Kf2 g6 52. Rb5 h5 53. Ra5 Ke6 54. Re5+ Kd6 55. Ra5 Rd5 56. Ra6+ Ke7 57. Kf3 Rb5 58. Kf2 Kf8 59. Kf3 Kg7 60. Rc6 Kh6 61. Rc3 f5 62. Rc8 Rb7 63. Rh8+ $1 Kg7 64. Ra8 Rb3+ 65. Kf2 Rd3 66. Rb8 Kf7 67. Rb6 Kg7 68. Rb7+ Kh6 69. Rb8 Rc3 70. Ra8 Rc7 71. Rh8+ Kg7 72. Ra8 Rc2+ 73. Kf3 Rc3+ 74. Kg2 Re3 75. Kf2 Re6 76. Ra7+ Kf6 77. Ra5 Rb6 78. Kg2 Ke6 79. Re5+ Kf7 80. Ra5 Kf6 81. Rc5 Rb4 82. Kf3 Rb2 83. Rc6+ Kg7 84. Rc7+ Kh6 85. Rc8 Rb3+ 86. Kg2 Rb6 87. Kf3 Kg7 88. Rc7+ Kf6 89. Rc5 g5 90. fxg5+ {The position is equal.} Kxg5 91. Rc4 Rb3+ 92. Kf2 Rd3 93. Ra4 Kf6 94. Rh4 Kg5 95. Ra4 Rd1 96. Rb4 Rh1 97. Ra4 Rh2+ 98. Kf3 Rd2 99. Rb4 Rd3+ 100. Kf2 {[%mdl 32768] Accuracy: White = 90%, Black = 91%. . Sensor Board Error (Ke4/e5)?} 1-0